000
00203nam a22000857a 4500
100
_a
Awasthi,Dr. Prem Kumar
_9
80194
245
_a
Ancient Civilizations A Brief Study
650
_a
History
_9
80195
942
_c
BK
999
_c
63637
_d
63637